000 01075nam a22002417a 4500
999 _c64294
_d64294
005 20240530110724.0
008 180411s2016 ua g b 000 0 ara d
017 _a2016/9307
_bمصر. دار الكتب
020 _a9789779107950
040 _aEG-CaGPL
_cEG-CaGPL
082 0 4 _221
_a363.209 /
_bق/م ش
100 0 _aمحمد عبدالغنى الاشقر
245 1 2 _aالشرطة فى مصر من صدر الاسلام الى نهاية عصر المماليك /
_cتاليف محمد عبدالغنى الاشقر ؛ تقديم احمد عبدالرازق احمد
260 _aالقاهرة :
_bالهيئة المصرية العامة للكتاب ،
_c2016.
300 _a137 ص. ؛
_c24 سم.
504 _a يشتمل على ارجاعات ببليوجرافية
650 0 7 _2qrmak
_aالشرطة
650 0 7 _2qrmak
_aالشرطة
_xتاريخ
_yعصر المماليك
651 0 7 _2qrmak
_aالقاهرة
_xالشرطة
700 0 _aاحمد عبدالرازق احمد
_eمقدم
942 _2ddc
_cBK